| 000 | 00496nam a22001697a 4500 | ||
|---|---|---|---|
| 999 |
_c9006 _d9006 |
||
| 008 | 210319b ||||| |||| 00| 0 eng d | ||
| 040 | _aBMS College of Architecture | ||
| 100 | _aPranathi | ||
| 245 | _aMulti modal trnsit hub | ||
| 300 | _a73p. | ||
| 500 | _a1BM09AT036 | ||
| 502 |
_8B,Arch _NBMS College of Architecture, Visvesvaraya Technological University _aProject report _d2013 |
||
| 650 | _aNA | ||
| 700 |
_aAjaichandran C K _eGuide |
||
| 700 |
_aBhagyalaxmi M _eGuide |
||
| 942 |
_2ddc _cTHE |
||